000 00566nam a2200193 i 4500
001 36946
003 ES-MaACL
005 20230906155456.0
007 t|
008 030219s1931 sp a |||| | spa d
080 _a613.8
100 1 _aBrunet, Laura.
_932162
245 1 0 _aDesnudismo integral
_b: una nueva visión de la vida /
_cLaura Brunet.
260 _aBarcelona :
_bBiblioteca Hermes,
_c1931.
300 _a274 p., 31 lám. ;
_c22 cm.
594 _aBrunet, Laura, Seud. de Juan Sanxo Farrerons.
650 4 _aNudismo.
_9148109
852 _aES-MaACL
_jA-486
999 _c36946
_d36946